000 00694cam a2200241 a 4500
008
020 _a0697257738 (pbk.r)
049 _aMAIN
090 _aQK47
_bSTE
100 1 _aStern, Kingsley R.
245 1 0 _aIntroductory plant biology /
_cKingsley R. Stern.
246 3 1 _aPlant biology
260 _aDubuque :
_bWm. C. Brown Publishers,
_cc1997.
300 _axiv, 570 p. :
_bill. (some col.) ;
_c28 cm.
504 _aIncludes bibliographical reference.
500 _aIncludes index.
650 0 _aBotany.
907 _a.b10359886
_b28-08-15
_c28-08-15
003
005 20230123122145.0
040 _cNUST
942 _cBOOKS
_kQK47
_mSTE
999 _c128794
_d128794